[Event "Cheadle FIDE Open 1st"]
[Site "Cheadle"]
[Date "2025.02.04"]
[Round "1.1"]
[White "Nyamandi, Langutani Lucas"]
[Black "Arkell, Keith C"]
[Result "0-1"]
[WhiteElo "1594"]
[BlackElo "2329"]
[PlyCount "66"]
[EventDate "2025.02.04"]
[EventType "swiss"]
[EventRounds "6"]
[EventCountry "ENG"]

1. e4 c6 2. d4 d5 3. e5 Qc7 4. Bf4 Bf5 5. g4 Bg6 6. h4 h5 7. Bh3 e6 8. Ne2 hxg4 9. Bxg4 Nh6 10. Bf3 Nf5 11. h5 Bh7 12. Nd2 Be7 13. c3 Nd7 14. Qb3 Nh4 15. Bg4 Ng2+ 16. Kf1 Nxf4 17. Nxf4 Bg5 18. Nxe6 fxe6 19. Nf3 Bh6 20. Bxe6 Rf8 21. Nh4 Be4 22. Rh3 Nb6 23. Kg1 Qe7 24. Bg4 Qg5 25. Qd1 Rf4 26. f3 Rxf3 27. Rxf3 Qxg4+ 28. Ng2 Bxf3 29. Qc2 O-O-O 30. Qg6 Bg5 31. Qc2 Be3+ 32. Kf1 Bxg2+ 33. Qxg2 Rf8+ 0-1

[Event "Cheadle FIDE Open 1st"]
[Site "Cheadle"]
[Date "2025.02.04"]
[Round "1.2"]
[White "Jackson, Edward"]
[Black "Trueman, Glenn"]
[Result "1/2-1/2"]
[WhiteElo "2153"]
[BlackElo "1891"]
[PlyCount "103"]
[EventDate "2025.02.04"]
[EventType "swiss"]
[EventRounds "6"]
[EventCountry "ENG"]

1. e4 c5 2. Nf3 g6 3. c3 d5 4. exd5 Qxd5 5. d4 Bg7 6. Na3 cxd4 7. Nb5 Qd8 8. Bf4 Na6 9. Nbxd4 Nf6 10. Bb5+ Bd7 11. Bxa6 bxa6 12. O-O O-O 13. h3 Qb6 14. Qb3 Rfc8 15. Ne5 Be8 16. Rfe1 e6 17. Bg3 a5 18. Rad1 a4 19. Qxb6 axb6 20. a3 b5 21. Nc2 Nd5 22. Nd3 Nb6 23. Ne3 Nc4 24. Nxc4 Rxc4 25. Nb4 Rcc8 26. Rd3 Bf6 27. Red1 Rd8 28. Bd6 Kg7 29. f4 Rdc8 30. g4 Kg8 31. g5 Bd8 32. h4 Bb6+ 33. Kh2 Bc6 34. Nxc6 Rxc6 35. h5 gxh5 36. Kg3 Bc7 37. Bxc7 Rxc7 38. Kh4 Rc4 39. Rd4 Rac8 40. Kxh5 Kg7 41. Kg4 R8c5 42. Kg3 h6 43. gxh6+ Kxh6 44. Rd8 Kg7 45. R1d4 Kf6 46. Kf3 Rxd4 47. Rxd4 Rh5 48. Ke4 Rc5 49. Kf3 Rh5 50. Kg4 Rc5 51. Rb4 e5 52. Re4 1/2-1/2

[Event "Cheadle FIDE Open 1st"]
[Site "Cheadle"]
[Date "2025.02.04"]
[Round "1.3"]
[White "Doherty, Paul D"]
[Black "Longson, Alexander"]
[Result "0-1"]
[WhiteElo "1835"]
[BlackElo "2243"]
[PlyCount "96"]
[EventDate "2025.02.04"]
[EventType "swiss"]
[EventRounds "6"]
[EventCountry "ENG"]

1. e4 e5 2. Bc4 Nf6 3. d3 Nc6 4. f4 exf4 5. Nc3 Bb4 6. Bxf4 d5 7. exd5 Nxd5 8. Bd2 Bxc3 9. bxc3 O-O 10. Nf3 Re8+ 11. Kf2 Qd6 12. h3 Qc5+ 13. Kf1 h6 14. Bxd5 Qxd5 15. Kg1 b6 16. Kh2 Bb7 17. Re1 Ne5 18. Re3 Re6 19. Kh1 Nxf3 20. Rxf3 Qh5 21. Re3 Qd5 22. Rf3 Rae8 23. Qf1 Re2 24. Rf2 Rxf2 25. Qxf2 Qxg2+ 26. Qxg2 Bxg2+ 27. Kxg2 Re2+ 28. Kf3 Rxd2 29. Rc1 Rh2 30. Kg3 Re2 31. Kf3 Re5 32. Rb1 Ra5 33. Rb2 f5 34. c4 Kf7 35. c3 Kf6 36. h4 g6 37. Rg2 Re5 38. d4 Re1 39. Rc2 g5 40. hxg5+ hxg5 41. Rh2 Kg6 42. Rh8 Rc1 43. Rg8+ Kf6 44. Rf8+ Kg6 45. Rg8+ Kh6 46. Rf8 Rxc3+ 47. Ke2 Kg6 48. Rg8+ Kh5 0-1

[Event "Cheadle FIDE Open 1st"]
[Site "Cheadle"]
[Date "2025.02.04"]
[Round "1.4"]
[White "Caldwell, Susan L"]
[Black "Banerjee, Sanjoy K"]
[Result "1-0"]
[WhiteElo "2150"]
[BlackElo "1750"]
[PlyCount "61"]
[EventDate "2025.02.04"]
[EventType "swiss"]
[EventRounds "6"]
[EventCountry "ENG"]

1. d4 d5 2. Nc3 Nf6 3. Bf4 e6 4. Nb5 Na6 5. e3 Be7 6. Nf3 O-O 7. h4 c6 8. Nc3 c5 9. Bxa6 bxa6 10. Ne5 Bd7 11. g4 Ne4 12. Nxe4 dxe4 13. dxc5 Qa5+ 14. c3 Bb5 15. a4 Rfd8 16. Qc1 Bd3 17. b4 Qc7 18. Nxd3 Qb7 19. Nb2 a5 20. b5 Bxc5 21. O-O Qe7 22. Bg3 Ba3 23. Qc2 Rdc8 24. Qb3 Bc5 25. Nc4 Qf6 26. Nd2 Bb6 27. Nxe4 Qf3 28. Nd6 Bxe3 29. Kh2 Bf4 30. Nxc8 Rxc8 31. Qd1 1-0

[Event "Cheadle FIDE Open 1st"]
[Site "Cheadle"]
[Date "2025.02.04"]
[Round "1.5"]
[White "Hall, Alan A"]
[Black "Surtees, Mike J"]
[Result "0-1"]
[WhiteElo "1786"]
[BlackElo "2083"]
[PlyCount "114"]
[EventDate "2025.02.04"]
[EventType "swiss"]
[EventRounds "6"]
[EventCountry "ENG"]

1. d4 g6 2. e4 Bg7 3. Nf3 d6 4. c4 Bg4 5. Be2 Nc6 6. Be3 e5 7. d5 Bxf3 8. Bxf3 Nd4 9. Qa4+ Qd7 10. Qxd7+ Kxd7 11. Bxd4 exd4 12. O-O Ne7 13. Nd2 c5 14. dxc6+ Nxc6 15. Nb3 a5 16. Rfd1 a4 17. Nc1 a3 18. b3 Ne5 19. Nd3 h5 20. Rac1 b6 21. h3 Rhc8 22. Be2 Nxd3 23. Bxd3 Bh6 24. Rc2 Ke6 25. g3 h4 26. g4 Bf4 27. Rf1 Rc7 28. Rd1 g5 29. Re1 Ke5 30. Ree2 Ke6 31. Kf1 Be5 32. Kg2 Rac8 33. Kf1 Kd7 34. Ke1 Kc6 35. Kd1 Kc5 36. f3 Kb4 37. Ke1 f6 38. Kd1 Rc5 39. Ke1 Bf4 40. Kd1 Be3 41. Ke1 Rb8 42. Kd1 Bf4 43. Rg2 Ka5 44. Rge2 Rbc8 45. Rg2 Kb4 46. Rge2 Ka5 47. Rg2 b5 48. cxb5 Rc3 49. Rxc3 Rxc3 50. Ke2 Rc1 51. Bc4 Rc2+ 52. Kf1 Rc3 53. Ke2 Re3+ 54. Kd1 Rxf3 55. Kc2 Rxh3 56. Bd5 Rc3+ 57. Kd1 h3 0-1

[Event "Cheadle FIDE Open 1st"]
[Site "Cheadle"]
[Date "2025.02.04"]
[Round "1.6"]
[White "Alamri, Abdulaziz"]
[Black "Byron, Alan M"]
[Result "0-1"]
[WhiteElo "1775"]
[BlackElo "2035"]
[PlyCount "70"]
[EventDate "2025.02.04"]
[EventType "swiss"]
[EventRounds "6"]
[EventCountry "ENG"]

1. c4 e5 2. g3 Nf6 3. Bg2 Nc6 4. Nf3 Bc5 5. Nc3 O-O 6. O-O h6 7. Nxe5 Bxf2+ 8. Rxf2 Nxe5 9. d3 c6 10. h3 d6 11. Qf1 Nh7 12. e4 Qb6 13. Bf4 g5 14. Bxe5 dxe5 15. Qe2 Be6 16. Kh2 Kg7 17. Nd1 Qd4 18. Ne3 Rad8 19. Rd1 Rd7 20. Bf3 Nf6 21. Bg4 Bxg4 22. hxg4 Qxe3 23. Kh3 Qxe2 24. Rxe2 Rfd8 25. Re3 Rd4 26. b4 Rxc4 27. dxc4 Rxd1 28. Ra3 a6 29. b5 axb5 30. cxb5 cxb5 31. Ra7 Rd2 32. Rxb7 h5 33. gxh5 g4+ 34. Kh4 Kh6 35. Rxf7 Rh2# 0-1

[Event "Cheadle FIDE Open 1st"]
[Site "Cheadle"]
[Date "2025.02.04"]
[Round "1.7"]
[White "Moore, Geoffrey R"]
[Black "Plotnikov, Matvii"]
[Result "1-0"]
[WhiteElo "1983"]
[BlackElo "1688"]
[PlyCount "55"]
[EventDate "2025.02.04"]
[EventType "swiss"]
[EventRounds "6"]
[EventCountry "ENG"]

1. e4 c5 2. Nf3 Nc6 3. d4 cxd4 4. Nxd4 e5 5. Nb5 d6 6. N1c3 a6 7. Na3 Nf6 8. Bg5 Be7 9. Nc4 O-O 10. Bxf6 Bxf6 11. Qxd6 Qxd6 12. Nxd6 Nb4 13. O-O-O b5 14. a3 Nc6 15. Nxc8 Rfxc8 16. Nd5 Bd8 17. Kb1 Rab8 18. c3 h5 19. Be2 g6 20. h4 Bb6 21. g4 hxg4 22. Bxg4 Rd8 23. h5 Bxf2 24. Rdf1 Bc5 25. hxg6 Rb7 26. gxf7+ Kg7 27. b4 Bd6 28. Be6 1-0

[Event "Cheadle FIDE Open 1st"]
[Site "Cheadle"]
[Date "2025.02.04"]
[Round "1.9"]
[White "Zhu, Yaoyao"]
[Black "Bamford, Paul"]
[Result "1-0"]
[WhiteElo "1931"]
[BlackElo "1704"]
[PlyCount "57"]
[EventDate "2025.02.04"]
[EventType "swiss"]
[EventRounds "6"]
[EventCountry "ENG"]

1. e4 c5 2. Nf3 d6 3. Bb5+ Nd7 4. a4 g6 5. O-O Bg7 6. a5 e6 7. c3 Ne7 8. d4 O-O 9. Be3 cxd4 10. cxd4 Nf6 11. Nc3 Bd7 12. Bd3 Rc8 13. h3 Nc6 14. a6 b6 15. Nb5 d5 16. e5 Ne8 17. Bd2 Ra8 18. b4 Kh8 19. Qb3 Ne7 20. Nc3 Rc8 21. b5 Nf5 22. Ne2 Nh4 23. Nxh4 Qxh4 24. Rac1 f6 25. f4 fxe5 26. Rxc8 Bxc8 27. dxe5 Rf7 28. Nd4 Bxe5 29. Nf3 1-0

[Event "Cheadle FIDE Open 1st"]
[Site "Cheadle"]
[Date "2025.02.04"]
[Round "1.10"]
[White "Richards, Simon"]
[Black "Newton, Robert A"]
[Result "0-1"]
[WhiteElo "1668"]
[BlackElo "1872"]
[PlyCount "58"]
[EventDate "2025.02.04"]
[EventType "swiss"]
[EventRounds "6"]
[EventCountry "ENG"]

1. Nc3 c5 2. e4 g6 3. f4 Bg7 4. Nf3 a6 5. a4 Nc6 6. Bc4 e6 7. O-O Nge7 8. Ba2 d6 9. Qe1 Nd4 10. Bb1 Rb8 11. Ne2 O-O 12. d3 b5 13. Nexd4 cxd4 14. Qh4 f5 15. Ba2 h6 16. g4 d5 17. Ne5 Bb7 18. gxf5 exf5 19. exd5 Kh7 20. axb5 axb5 21. d6 Qxd6 22. Nf7 Qc6 23. Ng5+ Kh8 24. Nf3 Rbe8 25. Bb3 Nd5 26. Ne5 Rxe5 27. fxe5 Ne3 28. Qg3 Qh1+ 29. Kf2 Qxf1# 0-1

[Event "Cheadle FIDE Open 1st"]
[Site "Cheadle"]
[Date "2025.02.04"]
[Round "1.12"]
[White "Lee, Daniel T"]
[Black "French, Barry"]
[Result "1-0"]
[WhiteElo "1955"]
[BlackElo "1780"]
[PlyCount "71"]
[EventDate "2025.02.04"]
[EventType "swiss"]
[EventRounds "6"]
[EventCountry "ENG"]

1. d4 d5 2. Nf3 Nf6 3. c4 c6 4. Nc3 e6 5. e3 Nbd7 6. Qc2 Bd6 7. Bd3 O-O 8. O-O e5 9. cxd5 cxd5 10. e4 dxe4 11. Nxe4 Nxe4 12. Bxe4 h6 13. Be3 Re8 14. Rfd1 Qc7 15. Qd3 exd4 16. Qxd4 Be5 17. Nxe5 Qxe5 18. Qxe5 Nxe5 19. f3 a5 20. Rac1 f5 21. Bd5+ Be6 22. Bxb7 Rab8 23. Rc7 Bxa2 24. Bb6 Re6 25. Bxa5 Rg6 26. Bc3 Rxb7 27. Rxb7 Nxf3+ 28. Kf2 Nxh2 29. Rdd7 Ng4+ 30. Kg1 Be6 31. Rxg7+ Rxg7 32. Rxg7+ Kf8 33. b4 Ne3 34. Rh7 Bd5 35. g3 Ng4 36. b5 1-0

[Event "Cheadle FIDE Open 1st"]
[Site "Cheadle"]
[Date "2025.02.04"]
[Round "2.1"]
[White "Arkell, Keith C"]
[Black "Zhu, Yaoyao"]
[Result "1-0"]
[WhiteElo "2329"]
[BlackElo "1931"]
[PlyCount "69"]
[EventDate "2025.02.04"]
[EventType "swiss"]
[EventRounds "6"]
[EventCountry "ENG"]

1. d4 d5 2. c4 e6 3. cxd5 exd5 4. Nf3 c6 5. Nc3 Bf5 6. Bg5 Be7 7. Bxe7 Qxe7 8. e3 Nf6 9. Bd3 Bxd3 10. Qxd3 O-O 11. Qc2 Nbd7 12. O-O Ne4 13. b4 Nb6 14. Nxe4 dxe4 15. Nd2 Rfe8 16. Rab1 a6 17. Rfc1 Nd5 18. Qb3 Rad8 19. a4 Rd6 20. b5 axb5 21. axb5 Rg6 22. bxc6 bxc6 23. Nc4 Qg5 24. g3 Qf5 25. Qd1 Rh6 26. Qf1 Nf6 27. Nd6 Qh5 28. h3 Rd8 29. Rc5 Nd5 30. g4 Qg6 31. Nf5 Qe6 32. Nxh6+ Qxh6 33. Qg2 Qe6 34. Qg3 f6 35. Rb8 1-0

[Event "Cheadle FIDE Open 1st"]
[Site "Cheadle"]
[Date "2025.02.04"]
[Round "2.2"]
[White "Longson, Sarah N"]
[Black "Caldwell, Susan L"]
[Result "0-1"]
[WhiteElo "1934"]
[BlackElo "2150"]
[PlyCount "72"]
[EventDate "2025.02.04"]
[EventType "swiss"]
[EventRounds "6"]
[EventCountry "ENG"]

1. e4 c5 2. Nc3 Nc6 3. Bb5 Nd4 4. Nf3 Nxb5 5. Nxb5 a6 6. Nc3 d6 7. d4 Bg4 8. Be3 cxd4 9. Bxd4 e6 10. h3 Bh5 11. O-O Nf6 12. Qe2 Be7 13. a4 O-O 14. a5 Nd7 15. Rfd1 Rc8 16. g4 Bg6 17. e5 d5 18. Ne1 Bc5 19. Nf3 Bb4 20. Ra4 Bxa5 21. Rda1 Bb6 22. Rb4 Bxd4 23. Nxd4 Qh4 24. Rxb7 Nc5 25. Rb4 Qxh3 26. Ra3 Qh6 27. Ra1 f6 28. Nf3 Ne4 29. Qxa6 Qf4 30. Qxe6+ Kh8 31. Kg2 fxe5 32. Nxe4 Qxf3+ 33. Kh2 Bxe4 34. Rxe4 Qxf2+ 35. Kh1 dxe4 36. c3 Rcd8 0-1

[Event "Cheadle FIDE Open 1st"]
[Site "Cheadle"]
[Date "2025.02.04"]
[Round "2.3"]
[White "Surtees, Mike J"]
[Black "Cook, Michael Anthony"]
[Result "1-0"]
[WhiteElo "2083"]
[BlackElo "1947"]
[PlyCount "75"]
[EventDate "2025.02.04"]
[EventType "swiss"]
[EventRounds "6"]
[EventCountry "ENG"]

1. e4 e5 2. d3 d5 3. exd5 Qxd5 4. Nc3 Qd8 5. g3 Nf6 6. Bg2 Nc6 7. Nge2 Bc5 8. h3 O-O 9. O-O Be6 10. Kh2 Qd7 11. Be3 Bb6 12. Bxb6 axb6 13. f4 Nd5 14. Qd2 exf4 15. Nxf4 Nxf4 16. Rxf4 Ra5 17. Ne4 Rd8 18. a3 Rh5 19. Nf2 Ne7 20. Bf3 Ra5 21. Re1 Ra4 22. Rxa4 Qxa4 23. Bg4 Bxg4 24. Rxe7 Be6 25. Rxc7 Qd4 26. c3 Qd5 27. Qe3 h5 28. h4 Qb3 29. Qe2 Rd5 30. c4 Rf5 31. Rxb7 Qa4 32. Nh3 Qa8 33. Qe4 Qc8 34. Nf4 Qc5 35. Kg2 g5 36. Rb8+ Kg7 37. hxg5 Re5 38. Nxh5# 1-0

[Event "Cheadle FIDE Open 1st"]
[Site "Cheadle"]
[Date "2025.02.04"]
[Round "2.5"]
[White "Newton, Robert A"]
[Black "Moore, Geoffrey R"]
[Result "0-1"]
[WhiteElo "1872"]
[BlackElo "1983"]
[PlyCount "68"]
[EventDate "2025.02.04"]
[EventType "swiss"]
[EventRounds "6"]
[EventCountry "ENG"]

1. d4 Nf6 2. c4 g6 3. Nc3 Bg7 4. e4 d6 5. h3 O-O 6. Nf3 Nbd7 7. Be2 e5 8. d5 Nc5 9. Qc2 a5 10. Be3 b6 11. Nd2 Kh8 12. O-O-O Bd7 13. g4 c6 14. f4 exf4 15. Bxf4 Qe7 16. Bf3 a4 17. Rde1 a3 18. b4 Na6 19. Qb3 c5 20. b5 Nb4 21. Re3 Ne8 22. e5 dxe5 23. d6 Nxd6 24. Bxa8 Rxa8 25. Rhe1 Qh4 26. Nf3 Qf2 27. Bxe5 Nxc4 28. Bxg7+ Kxg7 29. Nd1 Qxa2 30. Qc3+ Kg8 31. R3e2 Nb2 32. Ne5 Bxb5 33. Nxf7 Qxf7 34. Re7 Na2+ 0-1

[Event "Cheadle FIDE Open 1st"]
[Site "Cheadle"]
[Date "2025.02.04"]
[Round "2.6"]
[White "Banerjee, Sanjoy K"]
[Black "Jackson, Edward"]
[Result "1/2-1/2"]
[WhiteElo "1750"]
[BlackElo "2153"]
[PlyCount "130"]
[EventDate "2025.02.04"]
[EventType "swiss"]
[EventRounds "6"]
[EventCountry "ENG"]

1. d4 d5 2. c4 e6 3. Nf3 Nf6 4. Nc3 Nbd7 5. Bf4 Bb4 6. e3 Ne4 7. a3 Nxc3 8. Qd2 Ne2 9. Qxb4 Nxf4 10. exf4 a5 11. Qc3 dxc4 12. Bxc4 O-O 13. O-O Nb6 14. Bd3 Nd5 15. Qc2 h6 16. g3 b6 17. Ne5 Bb7 18. Rad1 Nf6 19. Nc6 Qd6 20. Bb5 Rac8 21. Rd2 g6 22. Rc1 Kg7 23. Bf1 Nd5 24. Bg2 Bxc6 25. Qxc6 Qxc6 26. Rxc6 Ne7 27. Rc1 c6 28. Rdc2 Rc7 29. Bxc6 Rd8 30. Bg2 Rxc2 31. Rxc2 Rxd4 32. Kf1 Rd3 33. Ke2 Rb3 34. Bb7 Nf5 35. Kf1 Kf6 36. Rd2 h5 37. Bc6 b5 38. Be4 Ke7 39. Bb1 Nd6 40. Bd3 Nb7 41. Be2 Nc5 42. Bd1 Rd3 43. Ke2 Rd6 44. Rc2 Rd5 45. Rd2 Kd6 46. Ke3 Rxd2 47. Kxd2 Kd5 48. Bf3+ Kd4 49. Bc6 b4 50. axb4 axb4 51. Be8 Ne4+ 52. Ke2 Nd6 53. Ba4 Nc4 54. Be8 Nd6 55. Ba4 f6 56. Bd7 e5 57. fxe5 fxe5 58. Be6 e4 59. h4 Ke5 60. Bb3 Nf5 61. Bf7 Kf6 62. Bd5 Nd6 63. Bb3 Nb7 64. Ke3 Nc5 65. Bd5 Ke5 1/2-1/2

[Event "Cheadle FIDE Open 1st"]
[Site "Cheadle"]
[Date "2025.02.04"]
[Round "2.7"]
[White "Trueman, Glenn"]
[Black "Nyamandi, Langutani Lucas"]
[Result "1-0"]
[WhiteElo "1891"]
[BlackElo "1594"]
[PlyCount "51"]
[EventDate "2025.02.04"]
[EventType "swiss"]
[EventRounds "6"]
[EventCountry "ENG"]

1. Nf3 Nf6 2. c4 c6 3. d4 d5 4. cxd5 cxd5 5. Nc3 Nc6 6. Bf4 a6 7. Ne5 g6 8. e3 Bg7 9. Be2 O-O 10. O-O Bd7 11. Rc1 Rc8 12. Na4 Nxe5 13. Rxc8 Bxc8 14. Bxe5 Nd7 15. Bxg7 Kxg7 16. Qb3 e6 17. Rc1 Qa5 18. Kf1 f5 19. g3 g5 20. Nc5 Nxc5 21. Rxc5 b5 22. Qc2 Bd7 23. Rc7 Rf7 24. Bh5 Re7 25. Qc5 Kf6 26. Rxd7 1-0

[Event "Cheadle FIDE Open 1st"]
[Site "Cheadle"]
[Date "2025.02.04"]
[Round "2.8"]
[White "Plotnikov, Matvii"]
[Black "Doherty, Paul D"]
[Result "1-0"]
[WhiteElo "1688"]
[BlackElo "1835"]
[PlyCount "83"]
[EventDate "2025.02.04"]
[EventType "swiss"]
[EventRounds "6"]
[EventCountry "ENG"]

1. Nf3 f5 2. c4 Nf6 3. g3 e6 4. Bg2 Be7 5. O-O O-O 6. b3 d6 7. d3 Nc6 8. Bb2 Qe8 9. Nbd2 Qh5 10. a3 e5 11. Qc2 Bd7 12. b4 Nd8 13. a4 Ne6 14. c5 Rac8 15. e4 f4 16. d4 exd4 17. e5 dxe5 18. Rae1 fxg3 19. fxg3 Ng4 20. Nc4 Bf6 21. h3 Ne3 22. Nxe3 dxe3 23. Rxe3 Nd4 24. Nxd4 exd4 25. Qc4+ Kh8 26. g4 Qf7 27. Bd5 Qg6 28. Bxd4 Bxd4 29. Qxd4 Rxf1+ 30. Kxf1 Qb1+ 31. Kg2 Rf8 32. Rf3 Re8 33. Qf2 h6 34. Rf8+ Rxf8 35. Qxf8+ Kh7 36. Bg8+ Kg6 37. Qf7+ Kg5 38. Qxg7+ Kf4 39. Qxh6+ Ke5 40. Qg7+ Kf4 41. Qf6+ Ke3 42. Qf2+ 1-0

[Event "Cheadle FIDE Open 1st"]
[Site "Cheadle"]
[Date "2025.02.04"]
[Round "2.9"]
[White "Bamford, Paul"]
[Black "Hall, Alan A"]
[Result "0-1"]
[WhiteElo "1704"]
[BlackElo "1786"]
[PlyCount "46"]
[EventDate "2025.02.04"]
[EventType "swiss"]
[EventRounds "6"]
[EventCountry "ENG"]

1. d4 Nf6 2. Nf3 d5 3. e3 Bf5 4. Nbd2 e6 5. Ne5 Bd6 6. g4 Bg6 7. h4 h6 8. Nxg6 fxg6 9. Bd3 Nc6 10. Bxg6+ Kd7 11. c3 Ne7 12. Bd3 c6 13. e4 e5 14. dxe5 Bxe5 15. Nf3 Bc7 16. exd5 Nfxd5 17. Be4 Bd6 18. Bxd5 Nxd5 19. O-O Kc7 20. Re1 Rf8 21. c4 Nf4 22. Bxf4 Rxf4 23. Nd4 Rxd4 0-1

[Event "Cheadle FIDE Open 1st"]
[Site "Cheadle"]
[Date "2025.02.04"]
[Round "2.11"]
[White "French, Barry"]
[Black "Richards, Simon"]
[Result "1/2-1/2"]
[WhiteElo "1780"]
[BlackElo "1668"]
[PlyCount "41"]
[EventDate "2025.02.04"]
[EventType "swiss"]
[EventRounds "6"]
[EventCountry "ENG"]

1. e4 e6 2. d4 b6 3. Be3 Bb7 4. Nd2 Nf6 5. Bd3 c5 6. c3 cxd4 7. cxd4 Bb4 8. f3 O-O 9. Ne2 Ba6 10. Bxa6 Nxa6 11. Bg5 Bxd2+ 12. Qxd2 h6 13. Bh4 Nxe4 14. Qxh6 gxh6 15. Bxd8 Rfxd8 16. fxe4 Nb4 17. O-O Rac8 18. a3 Nd3 19. b4 Rc2 20. Nf4 Nxf4 21. Rxf4 1/2-1/2

[Event "Cheadle FIDE Open 1st"]
[Site "Cheadle"]
[Date "2025.02.05"]
[Round "3.1"]
[White "Moore, Geoffrey R"]
[Black "Arkell, Keith C"]
[Result "0-1"]
[WhiteElo "1983"]
[BlackElo "2329"]
[PlyCount "82"]
[EventDate "2025.02.04"]
[EventType "swiss"]
[EventRounds "6"]
[EventCountry "ENG"]

1. e4 c6 2. d4 d5 3. e5 c5 4. dxc5 Nc6 5. Nf3 Bg4 6. Bb5 Bxf3 7. Qxf3 Qa5+ 8. Nc3 e6 9. O-O Bxc5 10. Qg3 Kf8 11. a3 Qc7 12. Re1 Nge7 13. Bd3 Ng6 14. Bxg6 hxg6 15. b4 Be7 16. Nb5 Qd8 17. Bb2 a6 18. Nd6 Bxd6 19. exd6 Qh4 20. Be5 Qxg3 21. Bxg3 Ke8 22. Rad1 Kd7 23. Kf1 b5 24. Rd3 a5 25. c3 Rhc8 26. Rf3 f6 27. Rfe3 axb4 28. axb4 Nd8 29. Ke2 Ra2+ 30. Kd1 g5 31. R1e2 Ra1+ 32. Kd2 e5 33. h4 gxh4 34. Bxh4 Ne6 35. Bg3 d4 36. cxd4 Nxd4 37. Re1 Ra2+ 38. Kd3 Nc2 39. Ke4 Nxe1 40. Rxe1 Ke6 41. Rd1 Ra3 0-1

[Event "Cheadle FIDE Open 1st"]
[Site "Cheadle"]
[Date "2025.02.05"]
[Round "3.2"]
[White "Caldwell, Susan L"]
[Black "Surtees, Mike J"]
[Result "1-0"]
[WhiteElo "2150"]
[BlackElo "2083"]
[PlyCount "107"]
[EventDate "2025.02.04"]
[EventType "swiss"]
[EventRounds "6"]
[EventCountry "ENG"]

1. d4 g6 2. Nc3 Bg7 3. e4 d6 4. f4 e6 5. Nf3 Ne7 6. Be3 a6 7. Be2 Nd7 8. Qd2 h6 9. g4 Nf6 10. h3 b5 11. e5 b4 12. exf6 bxc3 13. Qxc3 Bxf6 14. Qd2 Nd5 15. Bf2 g5 16. fxg5 hxg5 17. Bg3 Bb7 18. O-O-O Nb6 19. Rh2 a5 20. Ng1 Bd5 21. a3 Rb8 22. Qxa5 c5 23. Qe1 Bxd4 24. Bb5+ Nd7 25. Bxd7+ Kxd7 26. c3 Bxg1 27. Qxg1 c4 28. Qf2 Rh7 29. h4 Qg8 30. h5 Qg7 31. Rxd5 exd5 32. Qa7+ Kc8 33. Bxd6 Rb7 34. Qa8+ Kd7 35. Qxb7+ Kxd6 36. Re2 f5 37. Qb6+ Kd7 38. Qe6+ Kc7 39. Qxf5 Qf7 40. Qxf7+ Rxf7 41. Rh2 Kd6 42. Kd2 Ke5 43. h6 Rh7 44. Ke3 d4+ 45. cxd4+ Kd5 46. Rh5 Re7+ 47. Kd2 Rh7 48. Kc3 Ke4 49. a4 Kf4 50. a5 Kxg4 51. Rh1 Kf3 52. a6 g4 53. a7 Rh8 54. h7 1-0

[Event "Cheadle FIDE Open 1st"]
[Site "Cheadle"]
[Date "2025.02.05"]
[Round "3.3"]
[White "Longson, Alexander"]
[Black "Byron, Alan M"]
[Result "1/2-1/2"]
[WhiteElo "2243"]
[BlackElo "2035"]
[PlyCount "34"]
[EventDate "2025.02.04"]
[EventType "swiss"]
[EventRounds "6"]
[EventCountry "ENG"]

1. e4 c6 2. d4 d5 3. exd5 cxd5 4. Bd3 Nc6 5. c3 Qc7 6. Ne2 Bg4 7. O-O e6 8. Qe1 Be7 9. Nf4 Nh6 10. a4 Bf5 11. Na3 a6 12. Bd2 O-O 13. h3 Bd6 14. Bxf5 Nxf5 15. Nd3 Rae8 16. Qd1 Qe7 17. Re1 Bb8 1/2-1/2

[Event "Cheadle FIDE Open 1st"]
[Site "Cheadle"]
[Date "2025.02.05"]
[Round "3.4"]
[White "Jackson, Edward"]
[Black "Lee, Daniel T"]
[Result "1-0"]
[WhiteElo "2153"]
[BlackElo "1955"]
[PlyCount "89"]
[EventDate "2025.02.04"]
[EventType "swiss"]
[EventRounds "6"]
[EventCountry "ENG"]

1. e4 Nf6 2. e5 Nd5 3. d4 d6 4. Bc4 Nb6 5. Bb3 Bf5 6. Qf3 Qc8 7. a4 e6 8. a5 Nd5 9. c3 c6 10. Nd2 dxe5 11. dxe5 Nd7 12. Qg3 Qc7 13. Ngf3 f6 14. exf6 Qxg3 15. hxg3 N7xf6 16. a6 b5 17. Nd4 Kd7 18. O-O Bc5 19. N2f3 Rhf8 20. c4 bxc4 21. Bxc4 Ng4 22. Nxf5 Rxf5 23. Bd3 Rh5 24. Ra4 Nb4 25. Be2 Rd5 26. Bc4 Nxf2 27. Bxd5 Nfd3+ 28. Kh2 cxd5 29. Bd2 Kd6 30. Bc3 Rb8 31. Rd1 Rb6 32. Bxg7 e5 33. Ra5 e4 34. Bf8+ Kc6 35. Ne5+ Nxe5 36. Bxc5 Rb5 37. Rxb5 Kxb5 38. Bxb4 Kxb4 39. Rxd5 Nc6 40. Rd6 Kc5 41. Rh6 e3 42. Kg1 Nd4 43. Rxh7 Ne2+ 44. Kf1 Nxg3+ 45. Ke1 1-0

[Event "Cheadle FIDE Open 1st"]
[Site "Cheadle"]
[Date "2025.02.05"]
[Round "3.5"]
[White "Hall, Alan A"]
[Black "Longson, Sarah N"]
[Result "0-1"]
[WhiteElo "1786"]
[BlackElo "1934"]
[PlyCount "42"]
[EventDate "2025.02.04"]
[EventType "swiss"]
[EventRounds "6"]
[EventCountry "ENG"]

1. d4 d5 2. Nf3 Nf6 3. e3 c6 4. Bd3 Bg4 5. Nbd2 Nbd7 6. O-O e5 7. dxe5 Nxe5 8. Be2 Nxf3+ 9. Nxf3 Bd6 10. Re1 O-O 11. b3 Ne4 12. Bb2 Qe7 13. c4 Bc5 14. cxd5 Nxf2 15. Kxf2 Qxe3+ 16. Kg3 Bd7 17. d6 Qf2+ 18. Kf4 g5+ 19. Kxg5 Qxg2+ 20. Kf6 Qg6+ 21. Ke7 Qe6# 0-1

[Event "Cheadle FIDE Open 1st"]
[Site "Cheadle"]
[Date "2025.02.05"]
[Round "3.6"]
[White "Zhu, Yaoyao"]
[Black "Plotnikov, Dmytro"]
[Result "1-0"]
[WhiteElo "1931"]
[BlackElo "1770"]
[PlyCount "59"]
[EventDate "2025.02.04"]
[EventType "swiss"]
[EventRounds "6"]
[EventCountry "ENG"]

1. e4 c5 2. Nf3 Nc6 3. d4 cxd4 4. Nxd4 e5 5. Nb5 d6 6. N1c3 a6 7. Na3 b5 8. Nd5 Nf6 9. Bg5 Be7 10. Bxf6 gxf6 11. Bd3 Be6 12. c4 Qa5+ 13. Qd2 Bxd5 14. Qxa5 Nxa5 15. cxd5 Rc8 16. Ke2 Kd7 17. Rac1 Nb7 18. b4 Rxc1 19. Rxc1 Rc8 20. Rxc8 Kxc8 21. Nc2 Kc7 22. Ne3 Bf8 23. Nf5 Kb6 24. a3 Kc7 25. a4 bxa4 26. Bxa6 a3 27. Bc4 Kb6 28. Kd3 Nd8 29. Kc3 Nb7 30. Kb3 1-0

[Event "Cheadle FIDE Open 1st"]
[Site "Cheadle"]
[Date "2025.02.05"]
[Round "3.7"]
[White "Alamri, Abdulaziz"]
[Black "Newton, Robert A"]
[Result "0-1"]
[WhiteElo "1775"]
[BlackElo "1872"]
[PlyCount "66"]
[EventDate "2025.02.04"]
[EventType "swiss"]
[EventRounds "6"]
[EventCountry "ENG"]

1. c4 c5 2. g3 Nc6 3. Bg2 g6 4. Nf3 Bg7 5. O-O d6 6. h3 e5 7. d3 h6 8. Nc3 Be6 9. Be3 Nge7 10. a3 Qd7 11. Kh2 O-O 12. Qc1 Kh7 13. Rb1 Rac8 14. Qd2 f5 15. h4 Nd4 16. Bxd4 cxd4 17. Nd1 d5 18. cxd5 Nxd5 19. e4 fxe4 20. dxe4 Nb6 21. Qa5 Nc4 22. Qxa7 Rxf3 23. Bxf3 Nd2 24. Bg2 Nxb1 25. Qa5 Rc2 26. f4 Rxg2+ 27. Kxg2 Bh3+ 28. Kf2 Bxf1 29. Kxf1 Qh3+ 30. Ke2 exf4 31. gxf4 d3+ 32. Kf2 Bd4+ 33. Ke1 Qh1# 0-1

[Event "Cheadle FIDE Open 1st"]
[Site "Cheadle"]
[Date "2025.02.05"]
[Round "3.8"]
[White "Cook, Michael Anthony"]
[Black "Plotnikov, Matvii"]
[Result "0-1"]
[WhiteElo "1947"]
[BlackElo "1688"]
[PlyCount "92"]
[EventDate "2025.02.04"]
[EventType "swiss"]
[EventRounds "6"]
[EventCountry "ENG"]

1. e4 c5 2. Nf3 Nf6 3. e5 Nd5 4. Nc3 Nxc3 5. dxc3 Nc6 6. Bc4 Qc7 7. Qe2 e6 8. Bf4 h6 9. h4 b6 10. O-O-O Bb7 11. h5 O-O-O 12. Rhg1 g5 13. hxg6 fxg6 14. Ba6 Be7 15. Bxb7+ Kxb7 16. Qe4 Rdg8 17. Rge1 g5 18. Bh2 Kc8 19. Rd3 Rg7 20. g4 Rd8 21. Bg3 b5 22. c4 b4 23. Rh1 Rh8 24. Kb1 Qb7 25. Rhd1 Rd8 26. Rh1 Rh8 27. Re1 Rd8 28. Nd2 Rf8 29. Qh1 Rh7 30. Nb3 a5 31. Qe4 Rg7 32. Qe3 Qb6 33. Qe4 a4 34. Nc1 Bd8 35. Ne2 Bc7 36. Rh1 Rh8 37. Rf3 Qb8 38. Rf6 Bxe5 39. Rfxh6 Rf8 40. Rxe6 Bxg3 41. Re8+ Rxe8 42. Qxe8+ Kb7 43. Qe3 Bd6 44. a3 Re7 45. Qd2 Qe8 46. Nc1 Bf4 0-1